Rings, fields and groups (Record no. 893)

MARC details
000 -LEADER
fixed length control field 00487 a2200181 4500
001 - CONTROL NUMBER
control field 066900
003 - CONTROL NUMBER IDENTIFIER
control field OSt
005 - DATE AND TIME OF LATEST TRANSACTION
control field 20211021164417.0
008 - FIXED-LENGTH DATA ELEMENTS--GENERAL INFORMATION
fixed length control field
082 ## - DEWEY DECIMAL CLASSIFICATION NUMBER
Classification number 512.4
Item number A53R
100 1# - MAIN ENTRY--PERSONAL NAME
Personal name Allenby, R.B.J.T.
245 1# - TITLE STATEMENT
Title Rings, fields and groups
Statement of responsibility, etc by R.B.J.T. Allenby
250 ## - EDITION STATEMENT
Edition statement 2nd ed.
260 ## - PUBLICATION, DISTRIBUTION, ETC. (IMPRINT)
Place of publication, distribution, etc New Delhi
Name of publisher, distributor, etc Elsevier
Date of publication, distribution, etc 2006
300 ## - PHYSICAL DESCRIPTION
Extent 383p.
690 ## - LOCAL SUBJECT ADDED ENTRY--TOPICAL TERM (OCLC, RLIN)
Topical term or geographic name as entry element Algebra, Abstract; Rings (Algebra); Algebraic fields; Group theory
942 ## - ADDED ENTRY ELEMENTS (KOHA)
Source of classification or shelving scheme Dewey Decimal Classification
Koha item type Books
Holdings
Withdrawn status Lost status Source of classification or shelving scheme Damaged status Not for loan Collection code Home library Current library Date acquired Source of acquisition Cost, normal purchase price Total Checkouts Full call number Barcode Date last seen Date checked out Price effective from Koha item type
    Dewey Decimal Classification     General Text Book Central University Of Rajasthan Central University Of Rajasthan 07/03/2012 MTH 295.00 2 512.4 A53R 1186 21/11/2024 21/08/2023 02/09/2020 Books